Strategie úspěchu /

Salvato in:
Dettagli Bibliografici
Autore principale: Richardsonová, Linda (Autore)
Altri autori: Bušek, Bohumil (Traduttore)
Natura: Libro
Lingua:ceco
Pubblicazione: Praha : Victoria Publishing, a.s, 1992
Edizione:1.vyd.
Soggetti:
Tags: Aggiungi Tag
Nessun Tag, puoi essere il primo ad aggiungerne!!

MARC

LEADER 00000nam a22000003a 4500
001 stu46275
005 20150617225716.5
008 980224s1992----cs------------------cze-d
020 |a 80-85605-21-X 
040 |a STU  |b slo 
041 0 |a cze 
044 |a cs 
080 |a 659.4 
100 1 |a Richardsonová, Linda  |4 aut 
245 1 |a Strategie úspěchu /  |c [aut.]Linda Richardsonová; Z amer. Bohumil Bušek 
250 |a 1.vyd. 
260 |a Praha :  |b Victoria Publishing, a.s,  |c 1992 
300 |a 134 s 
650 7 |a Public Relations  |2 estusub 
650 7 |a vzťahy s verejnosťou  |2 stusub 
700 1 |a Bušek, Bohumil  |4 trl 
996 |b 284M024866  |c M*9847-1  |l MMKN  |s A  |a 24  |w stu46275_0001